Greatest NCAA Wrestling Teams In History - Statistics

General Stats
  • This quiz has been taken 82 times
  • The average score is 13 of 16
Answer Stats
Year Points Coach College % Correct
2012 143 Cael Sanderson Penn State
98%
2024 172.5 Cael Sanderson Penn State
98%
1983 155 Dan Gable Iowa
96%
1986 158 Dan Gable Iowa
96%
1997 170 Dan Gable Iowa
96%
1950 30 Dave McCuskey Northern Iowa
96%
1965 97 Harold Nichols Iowa State
84%
1969 104 Harold Nichols Iowa State
84%
1987 133 Jim Gibbons Iowa State
84%
1957 73 Port Robertson Oklahoma
84%
1941 37 Art Griffith Oklahoma State
78%
1966 79 Myron Roderick Oklahoma State
78%
2005 153 John Smith Oklahoma State
78%
2001 138.5 J Robinson Minnesota
51%
1947 32 Paul Scott Cornell
38%
1967 74 Grady Peninger Michigan State
38%
No matching quizzes found
Score Distribution
Percent of People with Each Score
Percentile by Number Answered
Your Score History
You have not taken this quiz